Statistics for Name the Animal [HARD]

Click here to take the quiz!

General Stats

  • This quiz has been taken 44 times
  • The average score is 11 of 16

Answer Stats

Answer% Correct
Anteater
97%
Armadillo
94%
Platypus
94%
RedPanda
92%
Narwhal
89%
Chinchilla
75%
Cassowary
72%
Wolverine
69%
Gecko
67%
Wombat
64%
Blackmamba
61%
Earwig
47%
SecretaryBird
39%
Skink
39%
ManedWolf
31%
Basilisk
25%

Score Distribution

Percentile by Number Answered

Percent of People with Each Score

Your Score History

You have not taken this quiz